000 00648nam a2200205 a 4500
001 BRCA_1374
005 20190320203411.0
008 230408c1977----spaa---###---#000-0#sp--#
020 _a8422609533
050 4 _aND813.P5
_b.P46 1977
100 1 _aPenrose, Roland
_94494
245 1 0 _aPicasso
_cRoland Penrose.
260 _aBarcelona
_bNauta
_c1977
300 _a1 v. (en varias paginaciones)
_bil. a color
_c31 cm
500 _aIncluye sintesis biográfica y comentario de las láminas
600 1 4 _aPicasso, Pablo
_d1881-1973
_vCatálogos
_94495
650 1 4 _aPintura
_zEspaña
_92581
700 1 _aPicasso, Pablo
_d1881-1973
_94496
942 _2lcc
_cB
999 _c1236
_d1236